000 00322nam a22001217a 4500
008 180420b xxu||||| |||| 00| 0 eng d
041 _aeng
080 _a043.3
100 _a0
101 _aSHKI-BTH
245 _aPoint of Sale Web-aplikacion dhe implementimi i masave të sigurisë në të
_cKrasniqi,B
942 _2udc
_cBK
999 _c45337
_d45337